<?xml version="1.0" encoding="UTF-8"?>
<record
    xmlns:xsi="http://www.w3.org/2001/XMLSchema-instance"
    xsi:schemaLocation="http://www.loc.gov/MARC21/slim http://www.loc.gov/standards/marcxml/schema/MARC21slim.xsd"
    xmlns="http://www.loc.gov/MARC21/slim">

  <leader>00814nam a22002297a 4500</leader>
  <controlfield tag="005">20221214110043.0</controlfield>
  <controlfield tag="008">131011t        sp ||||| |||| 00| 0 spa d</controlfield>
  <datafield tag="020" ind1=" " ind2=" ">
    <subfield code="a">847114347X</subfield>
  </datafield>
  <datafield tag="050" ind1="0" ind2="4">
    <subfield code="a">SB415</subfield>
    <subfield code="b">A47 1991</subfield>
  </datafield>
  <datafield tag="100" ind1="1" ind2=" ">
    <subfield code="a">Alpi, A.</subfield>
  </datafield>
  <datafield tag="240" ind1="1" ind2="0">
    <subfield code="a">Coltivazione in Serra</subfield>
    <subfield code="l">espa&#xF1;ol</subfield>
  </datafield>
  <datafield tag="245" ind1="1" ind2="0">
    <subfield code="a">Cultivo en invernadero</subfield>
    <subfield code="b"> : actual orientac&#xED;&#xF3;n cient&#xED;fica y t&#xE9;cnica</subfield>
    <subfield code="c"> / A. Alpi, F. Tognoni ; versi&#xF3;n espa&#xF1;ola C. I. Cerisola con la colaboraci&#xF3;n de E. Dom&#xED;nguez Castillo</subfield>
  </datafield>
  <datafield tag="250" ind1=" " ind2=" ">
    <subfield code="a">3a ed.</subfield>
  </datafield>
  <datafield tag="260" ind1=" " ind2=" ">
    <subfield code="a">Madrid :</subfield>
    <subfield code="b">Ediciones Mundi-Prensa,</subfield>
    <subfield code="c">1991</subfield>
  </datafield>
  <datafield tag="300" ind1=" " ind2=" ">
    <subfield code="a">347 p. ;</subfield>
    <subfield code="b">il. ;</subfield>
    <subfield code="c">23 cm.</subfield>
  </datafield>
  <datafield tag="504" ind1=" " ind2=" ">
    <subfield code="a">Bibliograf&#xED;a : p. 335-347</subfield>
  </datafield>
  <datafield tag="650" ind1=" " ind2="7">
    <subfield code="2">Lemb</subfield>
    <subfield code="a">Invernaderos</subfield>
  </datafield>
  <datafield tag="700" ind1="1" ind2=" ">
    <subfield code="a">Tognoni, F.</subfield>
    <subfield code="e">autor</subfield>
  </datafield>
  <datafield tag="700" ind1="1" ind2=" ">
    <subfield code="a">Cerisola, C. I.</subfield>
    <subfield code="e">traductor</subfield>
  </datafield>
  <datafield tag="700" ind1="1" ind2=" ">
    <subfield code="a">Dom&#xED;nguez Castillo, E.</subfield>
    <subfield code="e">traductor</subfield>
  </datafield>
  <datafield tag="942" ind1=" " ind2=" ">
    <subfield code="2">lcc</subfield>
    <subfield code="c">LIB</subfield>
  </datafield>
  <datafield tag="999" ind1=" " ind2=" ">
    <subfield code="c">43024</subfield>
    <subfield code="d">43024</subfield>
  </datafield>
  <datafield tag="952" ind1=" " ind2=" ">
    <subfield code="1">0</subfield>
    <subfield code="2">lcc</subfield>
    <subfield code="4">0</subfield>
    <subfield code="7">0</subfield>
    <subfield code="a">LIC-023</subfield>
    <subfield code="b">LIC-023</subfield>
    <subfield code="c">GENERAL</subfield>
    <subfield code="d">2013-10-11</subfield>
    <subfield code="e">PIFI 2011</subfield>
    <subfield code="k">Ciencias agropecuarias</subfield>
    <subfield code="o">SB415 A47 r2010</subfield>
    <subfield code="p">BFCAA000000055</subfield>
    <subfield code="r">2013-10-11 00:00:00</subfield>
    <subfield code="t">1</subfield>
    <subfield code="y">LIB</subfield>
  </datafield>
  <datafield tag="952" ind1=" " ind2=" ">
    <subfield code="1">0</subfield>
    <subfield code="2">lcc</subfield>
    <subfield code="4">0</subfield>
    <subfield code="7">0</subfield>
    <subfield code="a">LIC-023</subfield>
    <subfield code="b">LIC-023</subfield>
    <subfield code="c">GENERAL</subfield>
    <subfield code="d">2013-10-11</subfield>
    <subfield code="e">PIFI 2011</subfield>
    <subfield code="k">Ciencias agropecuarias</subfield>
    <subfield code="o">SB415 A47 r2010</subfield>
    <subfield code="p">BFCAA000000056</subfield>
    <subfield code="r">2015-01-16 00:00:00</subfield>
    <subfield code="t">2</subfield>
    <subfield code="y">LIB</subfield>
  </datafield>
  <datafield tag="952" ind1=" " ind2=" ">
    <subfield code="1">0</subfield>
    <subfield code="2">lcc</subfield>
    <subfield code="4">0</subfield>
    <subfield code="7">0</subfield>
    <subfield code="a">LIC-023</subfield>
    <subfield code="b">LIC-023</subfield>
    <subfield code="c">GENERAL</subfield>
    <subfield code="d">2013-10-11</subfield>
    <subfield code="e">PIFI 2011</subfield>
    <subfield code="k">Ciencias agropecuarias</subfield>
    <subfield code="o">SB415 A47 r2010</subfield>
    <subfield code="p">BFCAA000000057</subfield>
    <subfield code="r">2013-10-11 00:00:00</subfield>
    <subfield code="t">3</subfield>
    <subfield code="y">LIB</subfield>
  </datafield>
  <datafield tag="952" ind1=" " ind2=" ">
    <subfield code="1">0</subfield>
    <subfield code="2">lcc</subfield>
    <subfield code="4">0</subfield>
    <subfield code="7">1</subfield>
    <subfield code="a">LIC-026</subfield>
    <subfield code="b">LIC-026</subfield>
    <subfield code="c">GENERAL</subfield>
    <subfield code="d">2022-12-14</subfield>
    <subfield code="f">3a ed.</subfield>
    <subfield code="i">IA</subfield>
    <subfield code="k">CA</subfield>
    <subfield code="l">0</subfield>
    <subfield code="o">SB415 A47 r1999</subfield>
    <subfield code="p">BTM000001731</subfield>
    <subfield code="r">2022-12-14 00:00:00</subfield>
    <subfield code="t">1</subfield>
    <subfield code="v">1.00</subfield>
    <subfield code="y">LIB</subfield>
  </datafield>
</record>
